| 000 | 00483nam a2200169Ia 4500 | ||
|---|---|---|---|
| 003 | SGT | ||
| 020 | _a9798172247743 | ||
| 082 |
_a621.38195855 _bROTH |
||
| 100 | _aRoth,C.H | ||
| 245 | _aFundamentals of logic design | ||
| 250 | _a4th Ed. | ||
| 260 |
_bJaico Publishing House _aDelhi _c2006 |
||
| 300 | _a770p. | ||
| 650 | _aELECTRONIC ENGINEERING | ||
| 653 | _aFUNDAMENTALS OF LOGIC DESIGN, INTRODUCTION SYSTEMS AND CONVERSION , BOOLEAN ALGEBRA , KARNAUGH MAPS | ||
| 942 |
_2ddc _cBK |
||
| 999 |
_c5100 _d5100 |
||